Apics Dictionary, (Record no. 6504)

MARC details
005 - DATE AND TIME OF LATEST TRANSACTION
control field 20250701101323.0
020 ## - INTERNATIONAL STANDARD BOOK NUMBER
International Standard Book Number 1-55822-191-3
082 ## - DEWEY DECIMAL CLASSIFICATION NUMBER
Classification number 443 COX
245 ## - TITLE STATEMENT
Title Apics Dictionary,
260 ## - PUBLICATION, DISTRIBUTION, ETC.
Place of publication, distribution, etc. New York,
Name of publisher, distributor, etc. Apics Dictionary,
Date of publication, distribution, etc. 2002.
300 ## - PHYSICAL DESCRIPTION
Extent viii; 132p: ill; Picture,
Dimensions 27cm.
942 ## - ADDED ENTRY ELEMENTS (KOHA)
Source of classification or shelving scheme Dewey Decimal Classification
Koha item type Books
Holdings
Date last seen Total checkouts Full call number Barcode Cost, replacement price Price effective from Koha item type Lost status Source of classification or shelving scheme Damaged status Not for loan Withdrawn status Home library Current library Shelving location Date acquired Cost, normal purchase price
07/01/2025   443 COX DOM0003801 120000.00 07/01/2025 Books   Dewey Decimal Classification       CBE Dodoma CBE Dodoma General Collection 07/01/2004 40000.00